<?xml version="1.0" encoding="UTF-8"?>
<record
    xmlns:xsi="http://www.w3.org/2001/XMLSchema-instance"
    xsi:schemaLocation="http://www.loc.gov/MARC21/slim http://www.loc.gov/standards/marcxml/schema/MARC21slim.xsd"
    xmlns="http://www.loc.gov/MARC21/slim">

  <leader>01251nam a2200253 a 4500</leader>
  <controlfield tag="001">44831</controlfield>
  <controlfield tag="003">BD-RjUL</controlfield>
  <controlfield tag="005">20211209053926.0</controlfield>
  <controlfield tag="008">160720r19751964pk a||||  ||| 000 0 ben d</controlfield>
  <datafield tag="020" ind1=" " ind2=" ">
    <subfield code="c">: PRs. 8.75 (1964) ; Tk. 52.00 (3rd Printing 1975)</subfield>
  </datafield>
  <datafield tag="035" ind1=" " ind2=" ">
    <subfield code="a">(BD-RjUL)44949</subfield>
  </datafield>
  <datafield tag="040" ind1=" " ind2=" ">
    <subfield code="a">BD-RjUL</subfield>
    <subfield code="b">ben</subfield>
    <subfield code="c">BD-RjUL</subfield>
  </datafield>
  <datafield tag="041" ind1=" " ind2=" ">
    <subfield code="a">ben</subfield>
  </datafield>
  <datafield tag="082" ind1=" " ind2=" ">
    <subfield code="2">23</subfield>
    <subfield code="a">297.648</subfield>
    <subfield code="b">NOA 1964-1975</subfield>
  </datafield>
  <datafield tag="100" ind1="1" ind2="0">
    <subfield code="a">&#x9A8;&#x9CB;'&#x9AE;&#x9BE;&#x9A8;&#x9C0;, &#x9B6;&#x9BF;&#x9AC;&#x9B2;&#x9C0;</subfield>
    <subfield code="9">118386</subfield>
  </datafield>
  <datafield tag="245" ind1="1" ind2="0">
    <subfield code="a">&#x986;&#x9B2;&#x9AB;&#x9BE;&#x9B0;&#x9C1;&#x995; /</subfield>
    <subfield code="c">&#x9B6;&#x9BF;&#x9AC;&#x9B2;&#x9C0; &#x9A8;&#x9CB;'&#x9AE;&#x9BE;&#x9A8;&#x9C0; ; &#x985;&#x9A8;&#x9C1;&#x9AC;&#x9BE;&#x9A6; : &#x9AE;&#x9C1;&#x9B9;&#x9C0;&#x989;&#x9A6;&#x9CD;&#x9A6;&#x9BF;&#x9A8; &#x996;&#x9BE;&#x9A8; ; &#x9B8;&#x982;&#x9B6;&#x9CB;&#x9A7;&#x9A8; &#x993; &#x9AA;&#x9B0;&#x9BF;&#x9AC;&#x9B0;&#x9CD;&#x9A7;&#x9A8;&#x9C7;: &#x9AE;&#x9CB;. &#x9A4;&#x9BE;&#x9AC;&#x9BE;&#x9B0;&#x995;&#x9C1;&#x9B2;&#x9CD;&#x9B2;&#x9BE;&#x9B9;</subfield>
  </datafield>
  <datafield tag="250" ind1=" " ind2=" ">
    <subfield code="a">&#x9B8;&#x982;&#x9B6;&#x9CB;&#x9A7;&#x9BF;&#x9A4; &#x993; &#x9AA;&#x9B0;&#x9BF;&#x9AC;&#x9B0;&#x9CD;&#x9A7;&#x9BF;&#x9A4; &#x9B8;&#x982;</subfield>
  </datafield>
  <datafield tag="260" ind1=" " ind2=" ">
    <subfield code="a">&#x9A2;&#x9BE;&#x995;&#x9BE; :</subfield>
    <subfield code="b">&#x98F;&#x9AE;&#x9BE;&#x9A6;&#x9BE;&#x9A6;&#x9BF;&#x9AF;&#x9BC;&#x9BE; &#x9B2;&#x9BE;&#x987;&#x9AC;&#x9CD;&#x9B0;&#x9C7;&#x9B0;&#x9C0;,</subfield>
    <subfield code="c">&#x9E7;&#x9EF;&#x9EC;&#x9EA; [&#x9AE;&#x9C1;&#x9A6;&#x9CD;&#x9B0;&#x9A3; &#x9E7;&#x9EF;&#x9ED;&#x9EB;]</subfield>
  </datafield>
  <datafield tag="300" ind1=" " ind2=" ">
    <subfield code="a">[&#x9E8;&#x9EC;],  &#x9EA;&#x9E6;&#x9E6; &#x9AA;&#x9C3;. :</subfield>
    <subfield code="b">&#x99A;&#x9BF;&#x9A4;&#x9CD;&#x9B0; ;</subfield>
    <subfield code="c">&#x9E8;&#x9EA; &#x9B8;&#x9C7;&#x9AE;&#x9BF;.</subfield>
  </datafield>
  <datafield tag="600" ind1=" " ind2=" ">
    <subfield code="a">&#x9B9;&#x9AF;&#x9B0;&#x9A4; &#x993;&#x9AE;&#x9B0; &#x9AB;&#x9BE;&#x9B0;&#x9C1;&#x995; (&#x9B0;&#x9BE;&#x983;)</subfield>
    <subfield code="x">&#x99C;&#x9C0;&#x9AC;&#x9A8;&#x9C0;</subfield>
    <subfield code="y"> 	          </subfield>
    <subfield code="9">237251</subfield>
  </datafield>
  <datafield tag="600" ind1=" " ind2=" ">
    <subfield code="a">Hazrat Omar (R)</subfield>
    <subfield code="x">Biography</subfield>
    <subfield code="9">237252</subfield>
  </datafield>
  <datafield tag="700" ind1=" " ind2=" ">
    <subfield code="a">&#x996;&#x9BE;&#x9A8;, &#x9AE;&#x9C1;&#x9B9;&#x9C0;&#x989;&#x9A6;&#x9CD;&#x9A6;&#x9BF;&#x9A8;, &#x985;&#x9A8;&#x9C1;&#x9AC;&#x9BE;&#x9A6;&#x995; </subfield>
    <subfield code="9">237253</subfield>
  </datafield>
  <datafield tag="942" ind1=" " ind2=" ">
    <subfield code="2">ddc</subfield>
    <subfield code="c">BK</subfield>
  </datafield>
  <datafield tag="999" ind1=" " ind2=" ">
    <subfield code="c">44831</subfield>
    <subfield code="d">44831</subfield>
  </datafield>
  <datafield tag="952" ind1=" " ind2=" ">
    <subfield code="0">0</subfield>
    <subfield code="1">0</subfield>
    <subfield code="2">ddc</subfield>
    <subfield code="4">0</subfield>
    <subfield code="7">0</subfield>
    <subfield code="8">NFIC</subfield>
    <subfield code="a">RUCL</subfield>
    <subfield code="b">RUCL</subfield>
    <subfield code="c">Stack</subfield>
    <subfield code="d">1967-02-27</subfield>
    <subfield code="e">Faruk Library, Rajshahi</subfield>
    <subfield code="g">8.75</subfield>
    <subfield code="l">0</subfield>
    <subfield code="o">B 297.648 NOA 1964</subfield>
    <subfield code="r">2016-07-20 00:00:00</subfield>
    <subfield code="t">C-2</subfield>
    <subfield code="w">2021-12-09</subfield>
    <subfield code="y">BK</subfield>
  </datafield>
  <datafield tag="952" ind1=" " ind2=" ">
    <subfield code="0">0</subfield>
    <subfield code="1">0</subfield>
    <subfield code="2">ddc</subfield>
    <subfield code="4">0</subfield>
    <subfield code="7">0</subfield>
    <subfield code="8">NFIC</subfield>
    <subfield code="a">RUCL</subfield>
    <subfield code="b">RUCL</subfield>
    <subfield code="c">Stack</subfield>
    <subfield code="d">1967-02-27</subfield>
    <subfield code="e">Faruk Library, Rajshahi</subfield>
    <subfield code="g">8.75</subfield>
    <subfield code="l">0</subfield>
    <subfield code="o">B 297.648 NOA 1964</subfield>
    <subfield code="r">2016-07-20 00:00:00</subfield>
    <subfield code="t">C-3</subfield>
    <subfield code="w">2021-12-09</subfield>
    <subfield code="y">BK</subfield>
  </datafield>
  <datafield tag="952" ind1=" " ind2=" ">
    <subfield code="0">0</subfield>
    <subfield code="1">0</subfield>
    <subfield code="2">ddc</subfield>
    <subfield code="4">0</subfield>
    <subfield code="7">0</subfield>
    <subfield code="8">NFIC</subfield>
    <subfield code="a">RUCL</subfield>
    <subfield code="b">RUCL</subfield>
    <subfield code="c">Stack</subfield>
    <subfield code="d">1982-06-22</subfield>
    <subfield code="e">Aligarh Library, Rajshahi</subfield>
    <subfield code="g">52.00</subfield>
    <subfield code="l">0</subfield>
    <subfield code="o">B 297.648 NOA 1975</subfield>
    <subfield code="r">2019-12-31 00:00:00</subfield>
    <subfield code="t">C-4</subfield>
    <subfield code="w">2021-12-09</subfield>
    <subfield code="y">BK</subfield>
  </datafield>
  <datafield tag="952" ind1=" " ind2=" ">
    <subfield code="0">0</subfield>
    <subfield code="1">0</subfield>
    <subfield code="2">ddc</subfield>
    <subfield code="4">0</subfield>
    <subfield code="7">1</subfield>
    <subfield code="8">NFIC</subfield>
    <subfield code="a">RUCL</subfield>
    <subfield code="b">RUCL</subfield>
    <subfield code="c">Reading</subfield>
    <subfield code="d">1967-02-28</subfield>
    <subfield code="e">Faruoq Library</subfield>
    <subfield code="g">8.75</subfield>
    <subfield code="l">0</subfield>
    <subfield code="o">B 297.648 NOA 1964</subfield>
    <subfield code="r">2019-12-31 00:00:00</subfield>
    <subfield code="t">C-1</subfield>
    <subfield code="w">2021-12-09</subfield>
    <subfield code="y">BK</subfield>
  </datafield>
</record>
